[Event "World Games (for Disabled)"]
[Site "masterchessopen.com Dresden (Germany)"]
[Round "5"]
[White "Grudina Marco (ITA)"]
[Black "Riegler D"]
[Result "0-1"]
[WhiteElo "1883"]
[BlackElo "2105"]

1.e4 c5 2.Nf3 d6 3.d4 cxd4 4.Nxd4 Nf6 5.Nc3 Nc6 6.Bg5 e6 7.Qd2 a6 8.O-O-O Bd7
9.f4 b5 10.a3 Qb6 11.Be2 Rb8 12.Nb3 Qc7 13.h3 b4 14.axb4 Nxb4 15.g4 Bc6 16.Bf3
Be7 17.Rhf1 O-O 18.f5 Rfc8 19.Bxf6 gxf6 20.h4 Kh8 21.Qh6 Ba4 22.Kb1 Nxc2
23.Nxa4 Rxb3 24.Qc1 Rb4 25.b3 Rxb3+ 26.Nb2 Ra3 27.Nc4 Qxc4 28.Qb2 Rb3 {#R} 0-1

[Event "Ch Romania (team) (Divizion A)"]
[Site "masterchessopen.com Slanic Moldova (Romania)"]
[Date "2011.10.03"]
[Round "1"]
[White "Burnoiu Nicolae-Costel (ROM)"]
[Black "Murariu Andrei (ROM)"]
[Result "0-1"]
[WhiteElo "2395"]
[BlackElo "2503"]

1.e4 c5 2.Nf3 Nc6 3.d4 cxd4 4.Nxd4 Nf6 5.Nc3 d6 6.Bg5 e6 7.Qd2 a6 8.O-O-O Bd7
9.Kb1 Be7 10.h3 Qc7 11.h4 h6 12.Be3 h5 13.Bg5 Ne5 14.f4 Neg4 15.Bd3 Qb6 16.Bc4
Rc8 17.Bb3 Rxc3 18.Qxc3 Nxe4 19.Qe1 Nef2 20.Nxe6 fxe6 21.Bxe6 Bxg5 22.hxg5 Kd8
23.Bxd7 Nxd1 24.Qxd1 Nf2 25.Qg1 Kxd7 26.Rh3 Re8 27.a3 Re2 28.Qf1 Rd2 {#R} 0-1

[Event "Cup Mitropa"]
[Site "masterchessopen.com Merlimont (France)"]
[Date "2011.10.13"]
[Round "6"]
[White "Gallagher Joseph G (SUI)"]
[Black "Delorme Alban (FRA)"]
[Result "1-0"]
[WhiteElo "2510"]
[BlackElo "2306"]

1.e4 c5 2.Nf3 Nc6 3.d4 cxd4 4.Nxd4 Nf6 5.Nc3 d6 6.Bg5 e6 7.Qd2 a6 8.O-O-O Bd7
9.f4 b5 10.Bxf6 gxf6 11.Kb1 Qb6 12.Nxc6 Bxc6 13.Qe1 Be7 14.f5 b4 15.Ne2 Bxe4
16.Ng3 Bd5 17.fxe6 fxe6 18.Rxd5 exd5 19.Nf5 Ra7 20.Qe6 Kd8 21.Bd3 Qc5 22.Re1
b3 23.a3 a5 24.Qf7 Rf8 25.Qxh7 a4 26.Nxe7 {#r} 1-0

[Event "Cup Mitropa"]
[Site "masterchessopen.com Merlimont (France)"]
[Date "2011.10.13"]
[Round "6"]
[White "Petr Martin (CZE)"]
[Black "Rapport Richard (HUN)"]
[Result "0-1"]
[WhiteElo "2526"]
[BlackElo "2547"]

1.e4 c5 2.Nf3 d6 3.d4 cxd4 4.Nxd4 Nf6 5.Nc3 Nc6 6.Bg5 e6 7.Qd2 a6 8.O-O-O Bd7
9.f4 b5 10.Bxf6 gxf6 11.Kb1 Qb6 12.Nxc6 Bxc6 13.Qe1 Be7 14.Bd3 h5 15.f5 b4
16.Ne2 e5 17.Ng3 Qc5 18.Qe2 h4 19.Nf1 Bf8 20.Ne3 Bh6 21.Nd5 Bxd5 22.exd5 a5
23.Be4 a4 24.Rd3 Ke7 25.Rhd1 Rhc8 26.Rh3 Bg5 27.Qe1 Rab8 {#R} 0-1

[Event "Ch Denmark (team) 2011/12"]
[Site "masterchessopen.com Denmark"]
[Date "2011.10.30"]
[Round "2"]
[White "Brinck-Claussen Bjorn (DEN)"]
[Black "Hagen Kresten Skytte (DEN)"]
[Result "1-0"]
[WhiteElo "2263"]
[BlackElo "2190"]

1.e4 c5 2.Nf3 d6 3.d4 cxd4 4.Nxd4 Nf6 5.Nc3 Nc6 6.Bg5 e6 7.Qd2 a6 8.O-O-O Bd7
9.f4 b5 10.Bxf6 gxf6 11.Nxc6 Bxc6 12.Qe1 Ra7 13.Bd3 Qb6 14.Kb1 Qc5 15.Qh4 Bg7
16.f5 Qe5 17.Rhe1 Kf8 18.Ne2 Re7 19.Nf4 Rg8 20.c3 Bb7 21.Bc2 Qc5 22.fxe6 fxe6
23.Qxh7 Kf7 24.e5 fxe5 25.Qg6+ Kf8 26.Nxe6+ {#r} 1-0

[Event "Ch Europe (active)"]
[Site "masterchessopen.com Warsaw (Poland)"]
[Date "2011.12.17"]
[Round "3"]
[White "Nepomniachtchi Ian (RUS)"]
[Black "Sudakova Irina (RUS)"]
[Result "1-0"]
[WhiteElo "2730"]
[BlackElo "2350"]

1.e4 c5 2.Nf3 d6 3.d4 Nf6 4.Nc3 cxd4 5.Nxd4 Nc6 6.Bg5 e6 7.Qd2 a6 8.O-O-O Bd7
9.f4 b5 10.Qe1 Be7 11.e5 dxe5 12.Nxc6 Bxc6 13.Rxd8+ Rxd8 14.fxe5 {#r} 1-0

[Event "It (open)"]
[Site "masterchessopen.com Krakow (Poland)"]
[Date "2011.12.29"]
[Round "3"]
[White "Gajek Radoslaw (POL)"]
[Black "Bednarczyk Damian (POL)"]
[Result "1-0"]
[WhiteElo "2178"]
[BlackElo "1994"]

1.e4 c5 2.Nf3 Nc6 3.d4 cxd4 4.Nxd4 Nf6 5.Nc3 d6 6.Bg5 e6 7.Qd2 a6 8.O-O-O Bd7
9.f4 b5 10.Bxf6 gxf6 11.Kb1 Qb6 12.Nxc6 Bxc6 13.f5 b4 14.Ne2 e5 15.Ng3 Qc5
16.Bd3 h5 17.h4 a5 18.Qe2 a4 19.Bc4 Ke7 20.b3 a3 21.Nxh5 Bb5 22.Rd5 Bxc4
23.bxc4 Qc6 24.Rhd1 Rc8 25.c5 dxc5 26.Qd3 Rc7 27.Rxe5+ {#r} 1-0

[Event "It (open)"]
[Site "masterchessopen.com Krakow (Poland)"]
[Date "2012.01.02"]
[Round "7"]
[White "Hommerson Paul (NED)"]
[Black "Bednarczyk Damian (POL)"]
[Result "1-0"]
[WhiteElo "2246"]
[BlackElo "1994"]

1.e4 c5 2.Nf3 Nc6 3.d4 cxd4 4.Nxd4 Nf6 5.Nc3 d6 6.Bg5 e6 7.Qd2 a6 8.O-O-O Bd7
9.f3 Be7 10.h4 h6 11.Be3 h5 12.Bg5 Qc7 13.Kb1 Ne5 14.f4 Neg4 15.g3 b5 16.a3
Qb6 17.Bh3 Rb8 18.Bxg4 Nxg4 19.Bxe7 b4 20.axb4 Qxb4 21.Ndb5 Kxe7 22.Nd5+ exd5
23.Qxb4 Rxb5 24.Qd4 {#r} 1-0

[Event "It (open) \"]
[Site "masterchessopen.com Milan (Italy)"]
[Date "2012.01.07"]
[Round "7"]
[White "Fercec Nenad (CRO)"]
[Black "Martinez Rolly (PHI)"]
[Result "1-0"]
[WhiteElo "2462"]
[BlackElo "2420"]

1.e4 c5 2.Nf3 Nc6 3.d4 cxd4 4.Nxd4 Nf6 5.Nc3 d6 6.Bg5 e6 7.Qd2 a6 8.O-O-O Bd7
9.f3 Be7 10.Be3 h5 11.Kb1 Ne5 12.f4 Neg4 13.Bg1 b5 14.Bd3 b4 15.Nce2 e5 16.h3
exd4 17.hxg4 Bxg4 18.Bxd4 d5 19.e5 Ne4 20.Qe3 Qc8 21.Rc1 Nc5 22.Ng3 Ne6 23.Bf5
Bxf5 24.Nxf5 g6 25.Nd6+ Bxd6 26.exd6 Rg8 27.Rcd1 Qc6 28.Bf6 Kd7 {#r} 1-0

[Event "Memorial Tringov (open)"]
[Site "masterchessopen.com Plovdiv (Bulgaria)"]
[Date "2012.01.29"]
[Round "1"]
[White "Nancheva Doroteya (BUL)"]
[Black "Benidze Davit (GEO)"]
[Result "0-1"]
[WhiteElo "1824"]
[BlackElo "2516"]

1.e4 c5 2.Nf3 d6 3.d4 cxd4 4.Nxd4 Nf6 5.Nc3 Nc6 6.Bg5 e6 7.Qd2 a6 8.O-O-O Bd7
9.Nxc6 Bxc6 10.f3 Rc8 11.Bf4 d5 12.exd5 Bxd5 13.Nxd5 Nxd5 14.Bg3 Bb4 15.Qd4
Bc5 16.Qd3 O-O 17.Be2 Qg5+ 18.Kb1 Ne3 19.f4 Qf6 20.Rc1 Rfd8 21.Qb3 Rc6 22.Qa4
Rb6 23.b3 Bb4 24.Bf2 Nd5 25.Bxb6 Nc3+ {#R} 0-1

[Event "Cup RGSU (students) (w)"]
[Site "masterchessopen.com Moscow (Russia)"]
[Date "2012.02.05"]
[Round "9"]
[White "Ziaziulkina Nastassia (BLR)"]
[Black "Kashlinskaya Alina (RUS)"]
[Result "1-0"]
[WhiteElo "2290"]
[BlackElo "2389"]

1.e4 c5 2.Nf3 d6 3.d4 cxd4 4.Nxd4 Nf6 5.Nc3 Nc6 6.Bg5 e6 7.Qd2 a6 8.O-O-O Bd7
9.f4 b5 10.Bxf6 gxf6 11.Kb1 b4 12.Nce2 Qb6 13.h4 a5 14.Rh3 Rg8 15.Re3 Rc8
16.Nxc6 Qxc6 17.Nd4 Qc5 18.b3 Bh6 19.g3 Ke7 20.Bc4 a4 21.Rd3 Rb8 22.Nf5+ exf5
23.Rxd6 Be8 24.e5 Qxe5 25.Rd8 Bc6 26.Qd7+ {#r} 1-0

[Event "Memorial Tringov (open)"]
[Site "masterchessopen.com Plovdiv (Bulgaria)"]
[Date "2012.02.05"]
[Round "9"]
[White "Mladenov Plamen (BUL)"]
[Black "Benidze Davit (GEO)"]
[Result "0-1"]
[WhiteElo "2384"]
[BlackElo "2516"]

1.e4 c5 2.Ne2 Nc6 3.d4 cxd4 4.Nxd4 Nf6 5.Nc3 d6 6.Bg5 e6 7.Qd2 a6 8.O-O-O Bd7
9.f3 Rc8 10.Nxc6 Rxc6 11.Kb1 Be7 12.h4 b5 13.Ne2 h6 14.Be3 e5 15.g4 Be6 16.g5
hxg5 17.Bxg5 Nxe4 18.fxe4 Bxg5 19.hxg5 Rxh1 20.Ng3 Rh7 21.Nf5 g6 22.Nxd6+ Rxd6
23.Qxd6 Qxd6 24.Rxd6 Bg4 {#R} 0-1

[Event "Ch Europe (active) (w)"]
[Site "masterchessopen.com Gaziantep (Turkey)"]
[Date "2012.03.15"]
[Round "8"]
[White "Kosintseva Tatiana (RUS)"]
[Black "Kosteniuk Alexandra (RUS)"]
[Result "1-0"]
[WhiteElo "2513"]
[BlackElo "2448"]

1.e4 c5 2.Nf3 Nc6 3.d4 cxd4 4.Nxd4 Nf6 5.Nc3 d6 6.Bg5 e6 7.Qd2 a6 8.O-O-O Bd7
9.f3 Be7 10.Be3 Rc8 11.g4 b5 12.Nxc6 Bxc6 13.g5 Nd7 14.Ne2 O-O 15.Nd4 Bb7
16.h4 d5 17.h5 dxe4 18.g6 Nc5 19.h6 fxg6 20.hxg7 Rf5 21.Bh3 Qc7 22.Kb1 exf3
23.Bxf5 exf5 24.Bf4 Qb6 25.Be5 f2 26.Rh2 Ne4 27.Qh6 Ng5 28.Nxf5 Qc5 29.Qxh7+
{#r} 1-0

[Event "It (cat.2)"]
[Site "masterchessopen.com Chern (Russia)"]
[Date "2012.03.24"]
[Round "12"]
[White "Tishin Petr (RUS)"]
[Black "Krutov Alexander (RUS)"]
[Result "1-0"]
[WhiteElo "2418"]
[BlackElo "2001"]

1.e4 c5 2.Nf3 d6 3.d4 cxd4 4.Nxd4 Nf6 5.Nc3 Nc6 6.Bg5 e6 7.Qd2 a6 8.O-O-O Bd7
9.f4 b5 10.Bxf6 gxf6 11.Nxc6 Bxc6 12.Qe1 Be7 13.Bd3 Qb6 14.Kb1 b4 15.Ne2 a5
16.Qg3 h5 17.f5 e5 18.Qg7 Rf8 19.Ng3 a4 20.Nxh5 a3 21.Bc4 Bxe4 22.Nxf6+ Bxf6
23.Qxf6 Qc5 24.b3 Rd8 25.Rhe1 Bxg2 26.h4 Bf3 27.Rd3 Bc6 28.h5 Qf2 29.Rxe5+
{#r} 1-0

[Event "It (open)"]
[Site "masterchessopen.com Deizisau (Germany)"]
[Date "2012.04.05"]
[Round "1"]
[White "Brendel Bergit (GER)"]
[Black "Rapport Richard (HUN)"]
[Result "0-1"]
[WhiteElo "2119"]
[BlackElo "2543"]

1.e4 c5 2.Nf3 Nc6 3.d4 cxd4 4.Nxd4 Nf6 5.Nc3 d6 6.Bg5 e6 7.Qd2 a6 8.O-O-O Bd7
9.f4 b5 10.Nxc6 Bxc6 11.Qe3 Be7 12.Bxf6 gxf6 13.f5 Qa5 14.Qh6 b4 15.Qg7 Rf8
16.Ne2 Qxa2 17.fxe6 fxe6 18.Nf4 Qa1+ 19.Kd2 Qxb2 20.Nxe6 Qc3+ 21.Kc1 b3 22.Bd3
b2+ 23.Kb1 Qa3 {#R} 0-1

[Event "Tournament (open)"]
[Site "masterchessopen.com Mondariz (Spain)"]
[Date "2012.04.06"]
[Round "7"]
[White "Martin Duque Jesus (ESP)"]
[Black "Draghici Gavril (ESP)"]
[Result "0-1"]
[WhiteElo "2176"]
[BlackElo "2106"]

1.e4 c5 2.Nf3 Nc6 3.d4 cxd4 4.Nxd4 Nf6 5.Nc3 d6 6.Bg5 e6 7.Qd2 a6 8.O-O-O Bd7
9.f4 h6 10.Bh4 g5 11.fxg5 Ng4 12.Nf3 hxg5 13.Bxg5 f6 14.e5 fxg5 15.Bd3 Ngxe5
16.Rhe1 Qf6 17.Kb1 O-O-O 18.Ne4 Nxf3 19.gxf3 Qf4 20.Qc3 Rxh2 21.Rg1 Be7 22.Rg4
Qxf3 23.Rgg1 Rdh8 24.Rdf1 Qe3 25.Qg7 Qd4 26.Qf7 R2h7 27.Qf3 Ne5 28.Qg3 Rh3
29.Qg2 Nxd3 30.cxd3 Rh2 {#R} 0-1

[Event "Ch Belgium (juniors) (elite)"]
[Site "masterchessopen.com Brugge (Belgium)"]
[Date "2012.04.14"]
[Round "9"]
[White "Hans Lysander (BEL)"]
[Black "Roos David (BEL)"]
[Result "0-1"]
[WhiteElo "1776"]
[BlackElo "2031"]

1.e4 c5 2.Nf3 e6 3.d4 cxd4 4.Nxd4 Nf6 5.Nc3 Nc6 6.Bg5 d6 7.Qd2 a6 8.O-O-O Bd7
9.f3 Rc8 10.g3 Qa5 11.Nb3 Qc7 12.Bg2 b5 13.Rhe1 Be7 14.Be3 Ne5 15.Bf2 Nc4
16.Qd3 b4 17.Ne2 Bb5 18.Ned4 Nxb2 19.Qd2 Nxd1 20.Nxb5 axb5 21.Rxd1 O-O 22.h4
d5 23.g4 dxe4 24.g5 Nd5 {#R} 0-1

[Event "It (b)"]
[Site "masterchessopen.com Pretoria (South Africa)"]
[Date "2012.04.28"]
[Round "4"]
[White "Bhawoodien Shabier (RSA)"]
[Black "Klaasen Calvin Jong (RSA)"]
[Result "1-0"]
[WhiteElo "2078"]
[BlackElo "2090"]

1.e4 c5 2.Nf3 d6 3.d4 cxd4 4.Nxd4 Nf6 5.Nc3 Nc6 6.Bg5 e6 7.Qd2 a6 8.O-O-O Bd7
9.f3 Be7 10.h4 b5 11.Nxc6 Bxc6 12.Kb1 Qb6 13.h5 h6 14.Be3 Qc7 15.g4 d5 16.Bf4
Qb7 17.e5 d4 18.exf6 dxc3 19.fxg7 Rg8 20.Qxc3 Bxf3 21.Rg1 Rc8 22.Qd2 Rd8
23.Bd3 Rxg7 24.Bxh6 Rxg4 25.Rxg4 Bxg4 26.Bg5 Bxh5 27.Bxb5+ Kf8 28.Bxe7+ {#r}
1-0

[Event "It \"]
[Site "masterchessopen.com Krakow (Poland)"]
[Date "2012.04.30"]
[Round "2"]
[White "Suliborski Jakub (POL)"]
[Black "Bednarczyk Damian (POL)"]
[Result "1-0"]
[WhiteElo "2009"]
[BlackElo "2021"]

1.e4 c5 2.Nf3 Nc6 3.d4 cxd4 4.Nxd4 Nf6 5.Nc3 d6 6.Bg5 e6 7.Qd2 a6 8.O-O-O Bd7
9.f4 b5 10.Bxf6 gxf6 11.Kb1 Qb6 12.Nxc6 Bxc6 13.f5 Qc5 14.Bd3 O-O-O 15.fxe6
fxe6 16.Rhf1 Be7 17.Qh6 Rdg8 18.g3 Qe5 19.Qe3 Kb7 20.Ne2 f5 21.Nd4 Bf6 22.c3
Bxe4 23.Bxe4+ fxe4 24.Nb3 Ra8 25.Rxf6 Qxf6 26.Rxd6 {#r} 1-0

[Event "Cup Serbia (team)"]
[Site "masterchessopen.com Kragujevac (Serbia)"]
[Date "2012.05.20"]
[Round "7"]
[White "Azaric Slavko (SRB)"]
[Black "Martic Ivan (SRB)"]
[Result "0-1"]
[WhiteElo "2273"]
[BlackElo "2392"]

1.e4 c5 2.Nc3 Nc6 3.Nge2 d6 4.d4 cxd4 5.Nxd4 Nf6 6.Bg5 e6 7.Qd2 a6 8.O-O-O Bd7
9.f4 b5 10.Nf3 b4 11.Bxf6 gxf6 12.Ne2 Qb6 13.Ned4 Ra7 14.Kb1 Rc7 15.f5 e5
16.Ne2 Na5 17.b3 h5 18.h4 Qc5 19.Ne1 Qb6 20.Ng3 Ke7 21.Nd3 Nc6 22.Nf4 exf4
23.Qxd6+ Ke8 24.Qxf6 Rh6 25.Nxh5 Rxf6 26.Nxf6+ Kd8 27.Nd5 Qf2 28.Nxc7 Kxc7
29.Bxa6 Bg7 30.h5 Qa7 31.h6 Bh8 {#R} 0-1

[Event "It (open)"]
[Site "masterchessopen.com Teplice (Czech Republic)"]
[Date "2012.06.18"]
[Round "3"]
[White "Vlasak Lukas (CZE)"]
[Black "Boros Denes (HUN)"]
[Result "0-1"]
[WhiteElo "2247"]
[BlackElo "2475"]

1.e4 c5 2.Nf3 d6 3.d4 cxd4 4.Nxd4 Nf6 5.Nc3 Nc6 6.Bg5 e6 7.Qd2 a6 8.O-O-O Bd7
9.f3 b5 10.Nxc6 Bxc6 11.Ne2 Bb7 12.Kb1 h6 13.Be3 Qc7 14.Nd4 e5 15.Nf5 d5
16.exd5 Nxd5 17.Bd3 O-O-O 18.Bf2 g6 19.Ne3 Nf4 20.Qc3 Qxc3 21.bxc3 Bc5 22.Ng4
Bxf2 23.Nxf2 Nxg2 24.Be4 Nh4 25.Bxb7+ Kxb7 26.Ne4 Kc6 {#R} 0-1

[Event "It (open)"]
[Site "masterchessopen.com Montcada (Spain)"]
[Date "2012.06.26"]
[Round "2"]
[White "Mestre Bellido Hector (ESP)"]
[Black "Bakre Tejas (IND)"]
[Result "0-1"]
[WhiteElo "2339"]
[BlackElo "2482"]

1.e4 c5 2.Nf3 d6 3.d4 cxd4 4.Nxd4 Nf6 5.Nc3 Nc6 6.Bg5 e6 7.Qd2 a6 8.O-O-O Bd7
9.f4 b5 10.Bxf6 gxf6 11.Be2 Qb6 12.Nxc6 Bxc6 13.Bh5 b4 14.Ne2 Qa5 15.Nd4 Bxe4
16.Qe2 f5 17.Nxe6 Rc8 18.Nd4 Qxa2 19.Bf3 d5 20.Nxf5 Qa1+ {#R} 0-1

[Event "It (open)"]
[Site "masterchessopen.com Hamburg (Germany)"]
[Date "2012.07.11"]
[Round "6"]
[White "Powierski Emil (GER)"]
[Black "Korba Roman (GER)"]
[Result "1-0"]
[WhiteElo "2092"]
[BlackElo "2189"]

1.e4 c5 2.Nf3 d6 3.d4 cxd4 4.Nxd4 Nf6 5.Nc3 Nc6 6.Bg5 e6 7.Qd2 a6 8.O-O-O Bd7
9.f3 Be7 10.Be3 b5 11.g4 h6 12.Kb1 Ne5 13.Bd3 Qc7 14.h4 Nc4 15.Bxc4 Qxc4 16.g5
hxg5 17.hxg5 Nh5 18.g6 fxg6 19.Qg2 O-O-O 20.Qxg6 b4 21.Nce2 Kb8 22.b3 Qc8
23.Qf7 Bf6 24.Rxh5 Be8 25.Nc6+ Qxc6 26.Rxh8 Qb5 {#r} 1-0

[Event "It \"]
[Site "masterchessopen.com Laranjeiras (Brazil)"]
[Date "2012.07.14"]
[Round "3"]
[White "Barbosa Evandro Amorim (BRA)"]
[Black "Galati Mario Augusto (BRA)"]
[Result "1-0"]
[WhiteElo "2435"]
[BlackElo "2134"]

1.e4 c5 2.Nf3 Nc6 3.d4 cxd4 4.Nxd4 Nf6 5.Nc3 d6 6.Bg5 e6 7.Qd2 a6 8.O-O-O Bd7
9.f3 b5 10.Nxc6 Bxc6 11.Ne2 h6 12.Be3 Be7 13.Nd4 Bb7 14.Kb1 Qc7 15.Bd3 O-O-O
16.c4 b4 17.Rc1 Kb8 18.Qxb4 d5 19.c5 dxe4 20.Bf4 Qxf4 21.Nc6+ Ka8 22.Qb6 Bxc6
23.Qxc6+ Kb8 24.Qb6+ Ka8 25.Qxa6+ Kb8 26.Qb6+ Kc8 27.Rc4 {#r} 1-0

[Event "Ch Austria"]
[Site "masterchessopen.com Zwettl (Austria)"]
[Date "2012.07.24"]
[Round "4"]
[White "Mesaros Florian (AUT)"]
[Black "Wertjanz David (AUT)"]
[Result "0-1"]
[WhiteElo "2036"]
[BlackElo "2264"]

1.e4 c5 2.Nf3 d6 3.d4 cxd4 4.Nxd4 Nf6 5.Nc3 Nc6 6.Bg5 e6 7.Qd2 a6 8.O-O-O Bd7
9.f4 b5 10.Qe1 Nxd4 11.Rxd4 Qb6 12.Qd2 Bc6 13.e5 dxe5 14.fxe5 Bc5 15.Rh4 Nd7
16.Bd3 Nxe5 17.Rxh7 Nxd3+ 18.Qxd3 Rxh7 19.Qxh7 Be3+ 20.Bxe3 Qxe3+ 21.Kb1 O-O-O
22.Qxg7 b4 23.Nd1 Qe2 {#R} 0-1

[Event "Ch World (juniors) (under 20) (g)"]
[Site "masterchessopen.com Athens (Greece)"]
[Date "2012.08.02"]
[Round "1"]
[White "Ziaziulkina Nastassia (BLR)"]
[Black "Lefevre Margaux (FRA)"]
[Result "1-0"]
[WhiteElo "2342"]
[BlackElo "2043"]

1.e4 c5 2.Nf3 d6 3.d4 cxd4 4.Nxd4 Nf6 5.Nc3 Nc6 6.Bg5 e6 7.Qd2 a6 8.O-O-O Bd7
9.f4 h6 10.Bh4 Be7 11.Nf3 Qc7 12.e5 dxe5 13.fxe5 Ng8 14.Bxe7 Ngxe7 15.Ne4 Nd5
16.Nd6+ Ke7 17.Bc4 Nxe5 18.Nxe5 Qxd6 19.Rhe1 Bc6 20.Bxd5 Bxd5 21.Nc4 Qc7
22.Qxd5 Rac8 23.Qd6+ {#r} 1-0

[Event "Cup Hokim (open)"]
[Site "masterchessopen.com Tashkent (Uzbekistan)"]
[Date "2012.08.05"]
[Round "0"]
[White "Tillyaev Ulugbek (UZB)"]
[Black "Parpieva Nodirabegim (UZB)"]
[Result "1-0"]
[WhiteElo "2224"]
[BlackElo "1710"]

1.e4 c5 2.Nf3 d6 3.d4 cxd4 4.Nxd4 Nf6 5.Nc3 Nc6 6.Bg5 e6 7.Qd2 a6 8.O-O-O Bd7
9.f4 b5 10.Nxc6 Bxc6 11.Qe1 Qc7 12.Nd5 Bxd5 13.exd5 Rc8 14.c3 Qd7 15.dxe6 fxe6
16.Bd3 Be7 17.Qe2 Rc5 18.Bc2 Kf7 19.Rhe1 g6 20.g4 Re8 21.f5 exf5 22.gxf5 Re5
23.Bb3+ Nd5 24.Bxd5+ Rxd5 25.Qe6+ Qxe6 26.fxe6+ Kg7 27.Rxd5 Bxg5+ 28.Rxg5 Kf6
29.Rg2 Rxe6 30.Rxe6+ Kxe6 31.Kd2 {#r} 1-0

[Event "Ch World (juniors) (under 20)"]
[Site "masterchessopen.com Athens (Greece)"]
[Date "2012.08.10"]
[Round "8"]
[White "Kalofonos Panayotis (GRE)"]
[Black "Capone Nicola (BEL)"]
[Result "0-1"]
[WhiteElo "1796"]
[BlackElo "2127"]

1.e4 c5 2.Nf3 d6 3.d4 cxd4 4.Nxd4 Nf6 5.Nc3 Nc6 6.Bg5 e6 7.Qd2 a6 8.O-O-O Bd7
9.f4 h6 10.Bh4 Nxe4 11.Qe1 Nf6 12.Nf5 Qa5 13.Nxd6+ Bxd6 14.Rxd6 O-O-O 15.Rd1
Be8 16.Rxd8+ Qxd8 17.Qd2 Qxd2+ 18.Kxd2 Nh5 19.Ke3 g5 20.fxg5 hxg5 21.Bf2 f5
22.Bc4 Bd7 23.Na4 Ne5 24.Bb3 Ng4+ 25.Ke2 Nf4+ 26.Ke1 Bc6 {#R} 0-1

[Event "Tournament (open)"]
[Site "masterchessopen.com Gniezno (Poland)"]
[Date "2012.08.14"]
[Round "7"]
[White "Sobczak Miroslaw (POL)"]
[Black "Kaluzny Tomasz"]
[Result "1-0"]
[WhiteElo "1974"]
[BlackElo "1773"]

1.e4 c5 2.Nf3 Nc6 3.d4 cxd4 4.Nxd4 Nf6 5.Nc3 d6 6.Bg5 e6 7.Qd2 a6 8.O-O-O Bd7
9.f4 b5 10.Bxf6 gxf6 11.Kb1 Qb6 12.Nxc6 Bxc6 13.f5 b4 14.Ne2 Bxe4 15.fxe6 fxe6
16.Qf4 Bd5 17.Qxf6 Rg8 18.Nf4 Be7 19.Nxd5 exd5 20.Qe6 Rg7 21.Be2 a5 22.Rhe1
Qc7 23.Qh6 Rg5 24.Bb5+ Kd8 25.Qf8+ Bxf8 26.Re8# 1-0

[Event "Olympiad"]
[Site "masterchessopen.com Istanbul (Turkey)"]
[Date "2012.09.07"]
[Round "10"]
[White "Hautot Stephane (BEL)"]
[Black "Ferreira Jorge Joao Viterbo (POR)"]
[Result "0-1"]
[WhiteElo "2390"]
[BlackElo "1902"]

1.e4 c5 2.Nf3 Nc6 3.d4 cxd4 4.Nxd4 Nf6 5.Nc3 d6 6.Bg5 e6 7.Qd2 a6 8.O-O-O Bd7
9.f3 Be7 10.Be3 O-O 11.g4 Nxd4 12.Bxd4 Bc6 13.g5 Nd7 14.h4 b5 15.Bd3 Ne5
16.Rh3 f5 17.exf5 Nxd3+ 18.Qxd3 Rxf5 19.Ne4 Qc7 20.Rg1 Raf8 21.Bf6 Bxf6
22.gxf6 Bxe4 23.Rxg7+ Qxg7 24.fxg7 Bxd3 25.gxf8=Q+ Kxf8 26.cxd3 h5 27.Kd2 Rf4
28.Ke3 e5 29.Rh1 Ke7 30.Rh2 Ke6 31.b3 Rb4 {#R} 0-1

[Event "It (open)"]
[Site "masterchessopen.com Livigno (Italy)"]
[Date "2012.09.12"]
[Round "3"]
[White "Satyapragyan Swayangsu (IND)"]
[Black "Zinchenko Yaroslav (UKR)"]
[Result "1-0"]
[WhiteElo "2435"]
[BlackElo "2544"]

1.e4 c5 2.Nf3 d6 3.d4 cxd4 4.Nxd4 Nf6 5.Nc3 Nc6 6.Bg5 e6 7.Qd2 a6 8.O-O-O Bd7
9.f4 b5 10.Bxf6 gxf6 11.Kb1 Qb6 12.Nxc6 Bxc6 13.Qe1 Ra7 14.Bd3 Qc5 15.Qh4 Be7
16.f5 b4 17.Ne2 e5 18.Nc1 a5 19.b3 a4 20.Bc4 a3 21.Rhe1 Rc7 22.Re2 h6 23.Qg3
Bf8 24.Qe1 Ke7 25.Nd3 Qd4 26.Qxb4 Bxe4 {#r} 1-0

[Event "It (open) \"]
[Site "masterchessopen.com Berlin (Germany)"]
[Date "2012.10.05"]
[Round "7"]
[White "Hansen Torbjorn Ringdal (NOR)"]
[Black "Von Herman Ulf (GER)"]
[Result "1-0"]
[WhiteElo "2439"]
[BlackElo "2416"]

1.e4 c5 2.Nf3 Nc6 3.d4 cxd4 4.Nxd4 Nf6 5.Nc3 d6 6.Bg5 e6 7.Qd2 a6 8.O-O-O Bd7
9.f3 Rc8 10.Kb1 Be7 11.Be3 O-O 12.g4 Nxd4 13.Bxd4 e5 14.Be3 Be6 15.h4 Qc7
16.g5 Nh5 17.Nd5 Bxd5 18.exd5 Ng3 19.Rg1 Nxf1 20.Rdxf1 f5 21.f4 e4 22.h5 Rfe8
23.h6 g6 24.Rc1 b5 25.c4 bxc4 26.Rc2 Qb7 27.Rgc1 Bf8 28.Rxc4 Rxc4 29.Rxc4 Qb5
30.Qd4 a5 31.Bd2 {#r} 1-0